Vista normal Vista MARC

Entrada Materia (personas)

Número de registros utilizados en: 10

001 - CONTROL NUMBER

  • control field: 60555

003 - CONTROL NUMBER IDENTIFIER

  • control field: Co-BoUCM

005 - DATE AND TIME OF LATEST TRANSACTION

  • control field: 20140505110351.0

008 - FIXED-LENGTH DATA ELEMENTS

  • fixed length control field: 140505|| aca||aabn | a|a d

040 ## - CATALOGING SOURCE

  • Original cataloging agency: Co-BoUCM
  • Transcribing agency: Co-BoUCM

100 ## - HEADING--PERSONAL NAME

  • Personal name: Allende, Isabel
  • Dates associated with a name: 1942-

670 ## - SOURCE DATA FOUND

  • Source citation: Work cat.: (Co-BoUCM)242303: Allende, Isabel 1942-, La isla bajo el mar, 2009